<?xml version="1.0" encoding="UTF-8"?>
<record
    xmlns:xsi="http://www.w3.org/2001/XMLSchema-instance"
    xsi:schemaLocation="http://www.loc.gov/MARC21/slim http://www.loc.gov/standards/marcxml/schema/MARC21slim.xsd"
    xmlns="http://www.loc.gov/MARC21/slim">

  <leader>01599nam a2200301 a 4500</leader>
  <controlfield tag="001"> </controlfield>
  <controlfield tag="003">DO-SdBNP</controlfield>
  <controlfield tag="005">20220125124252.0</controlfield>
  <controlfield tag="007"> </controlfield>
  <controlfield tag="008">090717s1994  dr a          000 0 spa d</controlfield>
  <datafield tag="040" ind1=" " ind2=" ">
    <subfield code="a">BPMSU</subfield>
    <subfield code="b">spa</subfield>
    <subfield code="c">BPMSU</subfield>
  </datafield>
  <datafield tag="082" ind1=" " ind2="4">
    <subfield code="a">923.27293</subfield>
    <subfield code="b">D812h1994</subfield>
    <subfield code="2">22</subfield>
  </datafield>
  <datafield tag="245" ind1="1" ind2="0">
    <subfield code="a">Duarte en la historiograf&#xED;a dominicana /</subfield>
    <subfield code="c">recopilaci&#xF3;n y notas de Jorge Tena Reyes ; &#xED;ndices por Jos&#xE9; Alc&#xE1;ntara Alm&#xE1;nzar.</subfield>
  </datafield>
  <datafield tag="260" ind1=" " ind2=" ">
    <subfield code="a">Santo Domingo :</subfield>
    <subfield code="b">Comisi&#xF3;n Oficial para la Celebraci&#xF3;n del Sesquicentenario de la Independencia Nacional, </subfield>
    <subfield code="c">1994</subfield>
  </datafield>
  <datafield tag="300" ind1=" " ind2=" ">
    <subfield code="a">810 p. ;</subfield>
    <subfield code="c">23 cm.</subfield>
    <subfield code="b"> </subfield>
  </datafield>
  <datafield tag="490" ind1="0" ind2=" ">
    <subfield code="a">Sesquicentenario de la Independencia Nacional, </subfield>
    <subfield code="v">3</subfield>
  </datafield>
  <datafield tag="500" ind1=" " ind2=" ">
    <subfield code="a">Incluye &#xED;ndice </subfield>
  </datafield>
  <datafield tag="504" ind1=" " ind2=" ">
    <subfield code="a">Bibliograf&#xED;a : p. 735-748.</subfield>
  </datafield>
  <datafield tag="505" ind1="0" ind2=" ">
    <subfield code="8">Introducci&#xF3;n -- Cronolog&#xED;a de Duarte / Pedro L. Berg&#xE9;s Vidal -- Juan Pablo Duarte y Diez / M&#xE1;ximo Coiscou Henr&#xED;quez -- La ascendencia paterna de Juan Pablo Duarte / Emilio Tejera -- La partida / Joaqu&#xED;n Balaguer -- Antecedentes de la invasi&#xF3;n haitiana de 1822 / V&#xED;ctor Garrido -- La invasi&#xF3;n de Boyer / Frank Moya Pons -- Influencia de la iglesia cat&#xF3;lica en la formaci&#xF3;n de la nacionalidad y en la creaci&#xF3;n de la Rep&#xFA;blica Dominicana / Le&#xF3;nidas Garc&#xED;a Lluberes</subfield>
  </datafield>
  <datafield tag="590" ind1=" " ind2=" ">
    <subfield code="6">Inventariado, 2021/VM</subfield>
  </datafield>
  <datafield tag="600" ind1="1" ind2="4">
    <subfield code="a">Duarte, Juan Pablo </subfield>
    <subfield code="d">1813-1876</subfield>
  </datafield>
  <datafield tag="650" ind1=" " ind2="4">
    <subfield code="a">Duarte y Diez , Juan Pablo </subfield>
    <subfield code="d">1813-1876</subfield>
  </datafield>
  <datafield tag="651" ind1=" " ind2="4">
    <subfield code="a">Rep&#xFA;blica Dominicana </subfield>
    <subfield code="x">Historia </subfield>
    <subfield code="y">1844-1930</subfield>
  </datafield>
  <datafield tag="700" ind1="1" ind2=" ">
    <subfield code="a">Tena Reyes, Jorge  </subfield>
  </datafield>
  <datafield tag="710" ind1="2" ind2=" ">
    <subfield code="a">Comisi&#xF3;n Oficial para la Celebraci&#xF3;n del Sesquicentenario de la Independencia Nacional </subfield>
  </datafield>
  <datafield tag="910" ind1=" " ind2=" ">
    <subfield code="a">VMateo V.</subfield>
  </datafield>
  <datafield tag="942" ind1=" " ind2=" ">
    <subfield code="2">ddc</subfield>
    <subfield code="c">BK</subfield>
  </datafield>
  <datafield tag="952" ind1=" " ind2=" ">
    <subfield code="0">0</subfield>
    <subfield code="1">0</subfield>
    <subfield code="2">ddc</subfield>
    <subfield code="4">0</subfield>
    <subfield code="7">0</subfield>
    <subfield code="8">CD</subfield>
    <subfield code="a">BPMET</subfield>
    <subfield code="b">BPMET</subfield>
    <subfield code="d">2021-05-10</subfield>
    <subfield code="e">Reye Duluc </subfield>
    <subfield code="o">BPMSU CD 923.27293 D812h 1994</subfield>
    <subfield code="p">BPMSU21050024</subfield>
    <subfield code="r">2021-05-10</subfield>
    <subfield code="w">2021-05-10</subfield>
    <subfield code="y">BK</subfield>
  </datafield>
  <datafield tag="952" ind1=" " ind2=" ">
    <subfield code="0">0</subfield>
    <subfield code="1">0</subfield>
    <subfield code="2">ddc</subfield>
    <subfield code="4">0</subfield>
    <subfield code="7">0</subfield>
    <subfield code="8">CD</subfield>
    <subfield code="a">BPMET</subfield>
    <subfield code="b">BPMET</subfield>
    <subfield code="d">2021-05-10</subfield>
    <subfield code="e">Reye Duluc </subfield>
    <subfield code="l">0</subfield>
    <subfield code="o">BPMSU CD 923.27293 D812h 1994</subfield>
    <subfield code="p">BPMSU22010066</subfield>
    <subfield code="r">2022-01-25</subfield>
    <subfield code="t">v.1,e.2</subfield>
    <subfield code="w">2021-05-10</subfield>
    <subfield code="y">BK</subfield>
  </datafield>
  <datafield tag="952" ind1=" " ind2=" ">
    <subfield code="0">0</subfield>
    <subfield code="1">0</subfield>
    <subfield code="2">ddc</subfield>
    <subfield code="4">0</subfield>
    <subfield code="7">0</subfield>
    <subfield code="8">CD</subfield>
    <subfield code="a">BPMET</subfield>
    <subfield code="b">BPMET</subfield>
    <subfield code="d">2021-05-10</subfield>
    <subfield code="e">Reye Duluc </subfield>
    <subfield code="o">BPMSU CD 923.27293 D812h 1994</subfield>
    <subfield code="p">BPMSU22040057</subfield>
    <subfield code="r">2022-04-29</subfield>
    <subfield code="t">e.3</subfield>
    <subfield code="w">2021-05-10</subfield>
    <subfield code="y">BK</subfield>
  </datafield>
  <datafield tag="999" ind1=" " ind2=" ">
    <subfield code="c">13469</subfield>
    <subfield code="d">13469</subfield>
  </datafield>
</record>
